000 00431nam a2200181Ia 4500
005 20250603145303.0
008 250603s9999 xx 000 0 und d
020 _a0812371046
050 _aPN 59 .B37/
100 _aBoone, S. Robbert
245 0 _aLiterature and language : blue level
260 _aEvanston
260 _bMcdougal, Littell &Co.
260 _c1992
300 _a988 p
650 _aEvanston
942 _cBK
999 _c41415
_d41415